Concept of Modern Physics (Record no. 11569)
[ view plain ]
| 000 -LEADER | |
|---|---|
| fixed length control field | 00329nam a2200145Ia 4500 |
| 003 - CONTROL NUMBER IDENTIFIER | |
| control field | OSt |
| 005 - DATE AND TIME OF LATEST TRANSACTION | |
| control field | 20240319102258.0 |
| 008 - FIXED-LENGTH DATA ELEMENTS--GENERAL INFORMATION | |
| fixed length control field | 170523s9999 xx 000 0 und d |
| 020 ## - INTERNATIONAL STANDARD BOOK NUMBER | |
| International Standard Book Number | 978-0070151550 |
| 040 ## - CATALOGING SOURCE | |
| Transcribing agency | IIMT UNIVERSITY |
| 100 ## - MAIN ENTRY--PERSONAL NAME | |
| Personal name | Beiser- A. |
| 245 #0 - TITLE STATEMENT | |
| Title | Concept of Modern Physics |
| 260 ## - PUBLICATION, DISTRIBUTION, ETC. | |
| Place of publication, distribution, etc. | TMH |
| 942 ## - ADDED ENTRY ELEMENTS (KOHA) | |
| Source of classification or shelving scheme | |
| Koha item type | Book Bank |
| Withdrawn status | Lost status | Source of classification or shelving scheme | Damaged status | Not for loan | Home library | Current library | Date acquired | Barcode | Date last seen | Uniform Resource Identifier | Price effective from | Koha item type | Public note | Total Checkouts | Date last checked out |
|---|---|---|---|---|---|---|---|---|---|---|---|---|---|---|---|
| IIMT University Central Library Meerut | IIMT University Central Library Meerut | 05/30/2017 | 01-B-115109 | 05/30/2017 | Physics | 05/30/2017 | Book Bank / Loan Books | Central Library to Departmental Basic Science Library | |||||||
| IIMT University Central Library Meerut | IIMT University Central Library Meerut | 05/30/2017 | 01-B-115110 | 09/22/2022 | Physics | 05/30/2017 | Book Bank | 3 | 03/25/2022 | ||||||
| IIMT University Central Library Meerut | IIMT University Central Library Meerut | 05/30/2017 | 01-B-115111 | 01/16/2026 | Physics | 05/30/2017 | Book Bank | 1 | 09/01/2025 | ||||||
| IIMT University Central Library Meerut | IIMT University Central Library Meerut | 05/30/2017 | 01-B-115112 | 01/22/2026 | Physics | 05/30/2017 | Book Bank | 2 | 09/02/2025 | ||||||
| IIMT University Central Library Meerut | IIMT University Central Library Meerut | 05/30/2017 | 01-B-115113 | 05/30/2017 | Physics | 05/30/2017 | Book Bank / Loan Books | Central Library to Departmental Basic Science Library | |||||||
| IIMT University Central Library Meerut | IIMT University Central Library Meerut | 05/30/2017 | 01-B-115114 | 09/15/2022 | Physics | 05/30/2017 | Book Bank | 1 | 03/26/2022 |

